000 00790nam a2200265 a 4500
008
020 _a0205133525 (pbk)
049 _aMAIN
090 0 _aHD30.25 REN
100 1 _aRender, Barry.
245 1 0 _aIntroduction to management science /
_cBarry Render, Ralph M. Stair.
260 _aMassachusetts :
_bAllyn and Bacon,
_c1992.
300 _axvii, 856p. ;
_c25 cm.
504 _aIncludes bibliographical references.
500 _aIncludes index.
650 0 _aManagement
_xMathematical models.
650 0 _aOperations research.
650 0 _aManagement science.
700 1 _aStair, Ralph M.
907 _a.b10112625
_b21-02-12
_c23-02-04
003
005 20230123134320.0
040 _cNUST
942 _cBOOKS
_kHD30.25 REN
999 _c163770
_d163770